<?xml version="1.0" encoding="UTF-8"?>
<marc:record xmlns:marc="http://www.loc.gov/MARC21/slim">
   <marc:leader>00000nam a2200000 a 4500</marc:leader>
   <marc:datafield ind1=" " ind2=" " tag="653">
      <marc:subfield code="a">Festakt</marc:subfield>
   </marc:datafield>
   <marc:datafield ind1=" " ind2=" " tag="653">
      <marc:subfield code="a">Staatsvertrag</marc:subfield>
   </marc:datafield>
   <marc:datafield ind1=" " ind2=" " tag="653">
      <marc:subfield code="a">15.05.1980</marc:subfield>
   </marc:datafield>
   <marc:datafield ind1=" " ind2=" " tag="653">
      <marc:subfield code="a">Jubiläum</marc:subfield>
   </marc:datafield>
   <marc:datafield ind1=" " ind2=" " tag="653">
      <marc:subfield code="a">25 Jahre</marc:subfield>
   </marc:datafield>
   <marc:datafield ind1=" " ind2=" " tag="653">
      <marc:subfield code="a">Staatsakt</marc:subfield>
   </marc:datafield>
   <marc:datafield ind1=" " ind2=" " tag="653">
      <marc:subfield code="a">Zeitgeschichte</marc:subfield>
   </marc:datafield>
   <marc:datafield ind1=" " ind2=" " tag="653">
      <marc:subfield code="a">Österreich</marc:subfield>
   </marc:datafield>
   <marc:datafield ind1=" " ind2=" " tag="653">
      <marc:subfield code="a">Protokolle</marc:subfield>
   </marc:datafield>
   <marc:datafield ind1=" " ind2=" " tag="653">
      <marc:subfield code="a">Symposion</marc:subfield>
   </marc:datafield>
   <marc:datafield ind1="0" ind2="0" tag="245">
      <marc:subfield code="a">25 Jahre Staatsvertrag</marc:subfield>
   </marc:datafield>
   <marc:datafield ind1="0" ind2="0" tag="245">
      <marc:subfield code="b">Protokolle des wissenschaftlichen Symposions "Justiz und Zeitgeschichte" 24. und 25. Oktober 1980; "Die österreichische Justiz - die Justiz in Österreich 1933 bis 1955"</marc:subfield>
   </marc:datafield>
   <marc:datafield ind1="0" ind2="0" tag="245">
      <marc:subfield code="c">Österreichische Bundesregierung und Bundesministerium für auswärtige Angelegenheiten; Institut für Geschichte der Universität Wien [Hrsgg.]</marc:subfield>
   </marc:datafield>
   <marc:datafield ind1=" " ind2="1" tag="264">
      <marc:subfield code="a">Wien</marc:subfield>
      <marc:subfield code="b">ÖBV</marc:subfield>
      <marc:subfield code="c">1981</marc:subfield>
   </marc:datafield>
   <marc:datafield ind1="1" ind2=" " tag="520">
      <marc:subfield code="a">Es ist für Wissenschaft und Forschung in Österreich ein besonderes Anliegen, durch eine spezifische Veranstaltung dieses zentralen historischen Ereignisses zu gedenken, und zwar durch dieses unser internationales wissenschaftliches Symposion "25 Jahre Österreichischer Staatsvertrag", das die Geschehnisse und die Entwicklung zum Staatsvertrag und das Vierteljahrhundert behandeln, würdigen, dokumentieren und analysieren soll. Zu diesem internationalen Symposion wurden zeitgenössische Politiker, Diplomaten und Historiker aus der Union der Sozialistischen Sowjetrepubliken, dem Vereinigten Königreich von Großbritannien und Nordirland, den Vereinigten Staaten von Amerika, Frankreich und Österreich eingeladen, um zu diesem Thema ihre Kenntnisse und Erfahrungen, ihre Einschätzungen und Wertungen darzulegen.</marc:subfield>
   </marc:datafield>
   <marc:datafield ind1=" " ind2=" " tag="300">
      <marc:subfield code="a">174 S.</marc:subfield>
   </marc:datafield>
</marc:record>
